000 01152nam a2200325 a 4500
999 _c516
_d516
001 ocn455803943
003 OCoLC
005 20210615071125.0
008 091222s2011 njua 001 0 eng
020 _a9780470424131
035 _a(OCoLC)455803943
_z(OCoLC)424555678
040 _aUKM
_cUKM
_dYDXCP
_dNUI
_dCUS
_dBTCTA
_dUOH
_beng
050 4 _aQD253.2
_b.B76 2011
082 0 4 _a547
_222
090 _aQD253 .B74 2011
100 1 _aBrown, William Henry,
_d1932-
245 1 0 _aIntroduction to organic chemistry /
_cWilliam H. Brown and Thomas Poon.
246 3 0 _aOrganic chemistry.
250 _a4th ed.
260 _aHoboken, NJ :
_bJohn Wiley & Sons,
_cc2011.
300 _a1 v. (various pagings) :
_bill. (some col.) ;
_c29 cm. +
_eStudent Solutions manual (679 p. : ill. ; 29 cm.)
500 _aAccompanied by: Student solutions manual [for use with] Introduction to organic chemistry. 4th ed.
500 _aIncludes index.
650 0 _aChemistry, Organic.
700 1 _aPoon, Thomas,
_d1968-
740 0 _aIntroduction to organic chemistry.
_pStudent solutions manual.
907 _a.b30710522
942 _2lcc
_cBK
_nSO